|
|
|
|
| LEADER |
00000nam0a2200000 4500 |
| 001 |
366640 |
| 005 |
20231102011913.0 |
| 035 |
|
|
|a (RuTPU)RU\TPU\retro\24003
|
| 090 |
|
|
|a 366640
|
| 100 |
|
|
|a 20220214d1979 k y0rusy50 ca
|
| 101 |
0 |
|
|a rus
|
| 102 |
|
|
|a RU
|
| 105 |
|
|
|a a z 001zy
|
| 200 |
1 |
|
|a Методы теории дифференциальных уравнений и их приложения
|e тематический сборник научных трудов института. Вып. 508
|f Московский авиационный институт ; под ред. Я. М. Котляра, В. В. Семенова
|
| 210 |
|
|
|a Москва
|c [Б. и.]
|d 1979
|
| 215 |
|
|
|a 85 с.
|c ил.
|
| 320 |
|
|
|a Библиография в конце статей
|
| 606 |
1 |
|
|a Дифференциальные уравнения
|2 stltpush
|3 (RuTPU)RU\TPU\subj\9693
|9 36875
|
| 610 |
1 |
|
|a жесткие поверхности
|
| 610 |
1 |
|
|a деформируемые поверхности
|
| 610 |
1 |
|
|a проницаемые поверхности
|
| 610 |
1 |
|
|a непроницаемые поверхности
|
| 610 |
1 |
|
|a обтекание
|
| 610 |
1 |
|
|a поток идеальной жидкости
|
| 610 |
1 |
|
|a деформируемый контур
|
| 610 |
1 |
|
|a движение
|
| 610 |
1 |
|
|a моделирование
|
| 610 |
1 |
|
|a сверхзвуковое обтекание
|
| 610 |
1 |
|
|a аэродинамические характеристики
|
| 610 |
1 |
|
|a тепловые процессы
|
| 610 |
1 |
|
|a расчет
|
| 610 |
1 |
|
|a летательные аппараты
|
| 610 |
1 |
|
|a полеты
|
| 610 |
1 |
|
|a теория управления
|
| 610 |
1 |
|
|a оптимизация
|
| 675 |
|
|
|a 517.9
|v 4
|
| 702 |
|
1 |
|a Котляр
|b Я. М.
|4 340
|
| 702 |
|
1 |
|a Семенов
|b В. В.
|4 340
|
| 712 |
0 |
2 |
|a Московский авиационный институт
|c (1930- )
|2 stltpush
|3 (RuTPU)RU\TPU\col\3642
|9 23867
|
| 801 |
|
1 |
|a RU
|b 63413507
|c 20220214
|
| 942 |
|
|
|c BK
|